000 01967cam a22004934i 4500
003 PE-LiUPU
005 20250731173305.0
008 150625s2002 sp rb 000 0 spa d
020 _a8430114653
035 _a(Sirsi) i9788430114658
040 _aPE-LiUPU
_bspa
_cPE-LiUPU
_erda
049 _aPRUA
082 0 4 _a270.1
_bT46
_221
100 1 _aTheissen, Gerd,
_eautor.
245 1 3 _aLa religión de los primeros cristianos :
_buna teoría del cristianismo primitivo /
_cGerd Theissen.
264 1 _aSalamanca :
_bEdiciones Sígueme,
_c2002.
300 _a408 páginas ;
_c25 centímetros
336 _atext
_2rdacontent
337 _aunmediated
_2rdamedia
338 _avolume
_2rdacarrier
490 0 _aBiblioteca de Estudios bíblicos ;
_v108
500 _aSobre la 2a. ed. alemán.
504 _aIncluye referencias bibliográficas.
505 0 _aMito e historia en el cristianismo primitivo. -El ethos del cristianismo primitivo. -El lenguaje ritual del cristianismo primitivo. -La religión cristiana primitiva como mundo semiótico autónomo. -Crisis y consolidación del cristianismo primitivo.
526 _aSEG42
526 _aSEG41
526 _aSEG40
526 _aSEG39
526 _aP94
526 _aP87
526 _aP86
526 _aP85
526 _aP77
526 _aP76
526 _aP35
541 _g007-0017628;
650 0 4 _aCristianismo primitivo
_xTeoría.
650 0 4 _aIglesia
_xHistoria
_yPeríodo primitivo, ca. 30-600.
942 _2ddc
_cBOOK
949 _a270.1 T46
_wDEWEY
_c1
_i55876
_d2016-9-28
_e2016-9-21
_lCCODEBUL1
_mBUL
_n1
_p34.00
_r0
_sY
_tBOOK
_u2015-6-25
_xTEOLOGIA
_zUNKNOWN
_0COMPRA
_o.STAFF. Colección Teología
994 _aC0
_bPEPRU
596 _a1
999 _a270.1 T46
_wDEWEY
_c44713
_i55876
_d44713
_e2018-4-24
_f2021-11-11
_g5
_lCCODEBUL1
_mBUL
_n2
_p34.00
_q1
_r0
_sY
_tBOOK
_u2015-6-25
_xTEOLOGIA
_PP35
_0COMPRA
_o.STAFF. Colección Teología
980 _81
_gALBERTO SANCHEZ Responsable de Automatización